Organiser les marchés agricoles : Le temps des fondateurs (notice n° 2028437)

détails MARC
000 -LEADER
fixed length control field 02304cam a2200157 4500500
005 - DATE AND TIME OF LATEST TRANSACTION
control field 20260329082405.0
041 ## - LANGUAGE CODE
Language code of text/sound track or separate title fre
042 ## - AUTHENTICATION CODE
Authentication code dc
100 10 - MAIN ENTRY--PERSONAL NAME
Personal name Chatriot, Alain
Relator term author
245 00 - TITLE STATEMENT
Title Organiser les marchés agricoles : Le temps des fondateurs
260 ## - PUBLICATION, DISTRIBUTION, ETC.
Name of publisher, distributor, etc. Armand Colin,<br/>
Date of publication, distribution, etc. 2012.<br/>
520 ## - SUMMARY, ETC.
Summary, etc. Jusqu’à une date récente, l’historiographie française ne s’est guère investie dans l’étude des transformations sociales et politiques des mondes agricoles dans la France du premier XXe siècle. Les mutations des sociétés rurales amorcées au XIXe siècle restaient un terrain d’investigation privilégié tandis que les sociologues et politistes s’emparaient de l’étude des transformations rapides connues après 1950. L’entre-deux-guerres marque pourtant une étape décisive. Grâce à Georges Monnet et au gouvernement de Front populaire, l’État crée un premier outil de politique publique: l’Office national interprofessionnel du blé (ONIB). Cette action répond à une crise des marchés agricoles durant les années trente, qui concerne aussi bien les céréales que le vin, la viande, le lait ou le sucre. Au-delà de la déstabilisation des prix à l’échelle mondiale, en France, on bascule d’une paysannerie composée de polyculteurs éleveurs à des groupes de producteurs érigés en acteurs économiques d’un marché national et international. Cette étape, traversée par les nombreux débats sur le corporatisme, se confronte à la difficile question du ravitaillement durant la Seconde Guerre mondiale. À la Libération, le maintien de l’Office montre l’intérêt de l’expérience, qui annonce certains choix lors de l’établissement de la politique agricole commune. C’est ce tournant qu’étudie le présent ouvrage, issu d’un colloque organisé en avril 2012 avec le soutien de FranceAgriMer. Réunissant des historiens français et étrangers, il s’appuie sur un travail d’archives, mais aussi sur l’histoire orale afin de montrer qu’à partir de 1930, les mondes agricoles font un pas décisif vers la modernité.
700 10 - ADDED ENTRY--PERSONAL NAME
Personal name Leblanc, Edgar
Relator term author
700 10 - ADDED ENTRY--PERSONAL NAME
Personal name Lynch, Édouard
Relator term author
856 41 - ELECTRONIC LOCATION AND ACCESS
Uniform Resource Identifier <a href="https://shs.cairn.info/organiser-les-marches-agricoles--9782200281434?lang=fr&redirect-ssocas=7080">https://shs.cairn.info/organiser-les-marches-agricoles--9782200281434?lang=fr&redirect-ssocas=7080</a>

Pas d'exemplaire disponible.

PLUDOC

PLUDOC est la plateforme unique et centralisée de gestion des bibliothèques physiques et numériques de Guinée administré par le CEDUST. Elle est la plus grande base de données de ressources documentaires pour les Étudiants, Enseignants chercheurs et Chercheurs de Guinée.

Adresse

627 919 101/664 919 101

25 boulevard du commerce
Kaloum, Conakry, Guinée

Réseaux sociaux

Powered by Netsen Group @ 2025